[Event "41st World U20 ch"]
[Site "Panaji IND"]
[Date "2002.12.16"]
[Round "9.29"]
[White "Singh, Rishipal"]
[Black "Das, Arghyadip"]
[Result "1/2-1/2"]
[WhiteElo "2252"]
[BlackElo "2324"]
[EventDate "2002.12.09"]
[PlyCount "24"]

1.c4 Nf6 2.Nc3 e5 3.Nf3 Nc6 4.e4 Bb4 5.d3 d6 6.g3 a6 7.Bg2 O-O 8.O-O Bc5 
9.h3 h6 10.Kh2 Nh7 11.Be3 Be6 12.b3 Ng5 1/2-1/2

[Event "41st World U20 ch"]
[Site "Panaji IND"]
[Date "2002.12.16"]
[Round "9.30"]
[White "Kamble, Vikramaditya"]
[Black "Russell, Majwuana Kankanamge Athula"]
[Result "1-0"]
[WhiteElo "2317"]
[BlackElo "2243"]
[EventDate "2002.12.09"]
[PlyCount "82"]

1.e4 c5 2.Nf3 Nc6 3.d4 cxd4 4.Nxd4 Nf6 5.Nc3 e5 6.Ndb5 d6 7.a4 a6 8.Na3 
Be6 9.Bg5 Qb6 10.Rb1 Qb4 11.Bd3 d5 12.exd5 Nxd5 13.Bd2 Nxc3 14.Bxc3 Qxa4 
15.O-O Be7 16.Re1 Qh4 17.Nc4 Bc5 18.Ne3 O-O 19.g3 Qf6 20.Be4 Rfd8 21.Qc1 
Nd4 22.Kg2 Rd7 23.b4 Ba7 24.Ba1 Rad8 25.c4 h5 26.h4 b5 27.c5 Nb3 28.Rxb3 
Bxb3 29.Bc3 Rd4 30.Bxd4 exd4 31.Nf5 d3 32.Qd2 a5 33.Ne7+ Kf8 34.Nc6 Rd7 
35.Nxa5 Bc4 36.Nc6 Rc7 37.Nxa7 Rxa7 38.Bxd3 Bd5+ 39.Be4 Ra2 40.Qf4 Qxf4 
41.gxf4 Bc4 1-0

[Event "41st World U20 ch"]
[Site "Panaji IND"]
[Date "2002.12.16"]
[Round "9.31"]
[White "Geirnaert, Steven"]
[Black "Arjun Tiwari, Deepak"]
[Result "1-0"]
[WhiteElo "2277"]
[BlackElo "2154"]
[EventDate "2002.12.09"]
[PlyCount "62"]

1.e4 c5 2.Nf3 Nc6 3.d4 cxd4 4.Nxd4 e5 5.Nb5 a6 6.Nd6+ Bxd6 7.Qxd6 Qf6 8.
Qa3 Nge7 9.Bd3 d5 10.exd5 Nxd5 11.c3 Bf5 12.Bxf5 Qxf5 13.O-O O-O-O 14.Qc5 
Qd3 15.Na3 Kc7 16.Nc4 f6 17.Na5 Rd7 18.Nxc6 bxc6 19.c4 Nb6 20.Be3 Rb8 21.
Rac1 Na8 22.Qa5+ Kc8 23.Qxa6+ Kc7 24.b4 Qd6 25.Ba7 Qxb4 26.Bxb8+ Qxb8 27.
Rb1 Qc8 28.Qa5+ Kd6 29.Rfd1+ Ke6 30.Rxd7 Kxd7 31.Qa7+ Kd6 1-0

[Event "41st World U20 ch"]
[Site "Panaji IND"]
[Date "2002.12.16"]
[Round "9.32"]
[White "Dutta, Sayantan"]
[Black "Phoobalan, P."]
[Result "0-1"]
[WhiteElo "2275"]
[BlackElo "2227"]
[EventDate "2002.12.09"]
[PlyCount "70"]

1.e4 e5 2.Nf3 Nc6 3.Bb5 f5 4.d3 fxe4 5.dxe4 Nf6 6.Qe2 Bc5 7.O-O Qe7 8.c3 
d6 9.Nbd2 a6 10.Bc4 Be6 11.Bxe6 Qxe6 12.Nb3 Bb6 13.Be3 Bxe3 14.Qxe3 O-O 
15.Nbd2 Nh5 16.Ne1 Rf7 17.b4 Nf4 18.Kh1 Rf6 19.a4 Rh6 20.f3 Qf6 21.Rf2 
Rxh2+ 22.Kxh2 Qh6+ 23.Kg1 Nh3+ 24.gxh3 Qxe3 25.Rc1 Rf8 26.Ng2 Qh6 27.h4 
Ne7 28.Kf1 Ng6 29.Ke2 Nf4+ 30.Nxf4 Rxf4 31.c4 Rxh4 32.c5 d5 33.Rb1 d4 34.
Nf1 Qc6 35.Nd2 d3+ 0-1

[Event "41st World U20 ch"]
[Site "Panaji IND"]
[Date "2002.12.16"]
[Round "9.33"]
[White "Pratik Shriwas, R."]
[Black "Eriksson, Jonas"]
[Result "0-1"]
[WhiteElo "2148"]
[BlackElo "2278"]
[EventDate "2002.12.09"]
[PlyCount "66"]

1.Nf3 g6 2.g3 f5 3.c4 Bg7 4.Bg2 Nf6 5.Nc3 O-O 6.O-O d6 7.Rb1 e5 8.b4 e4 9.
Nd4 Ng4 10.Nc2 c6 11.Bb2 Ne5 12.d3 exd3 13.exd3 f4 14.f3 g5 15.g4 Na6 16.
Rf2 Nc7 17.Qf1 d5 18.Rd1 Be6 19.Re2 Ng6 20.Na4 Bxb2 21.Nxb2 Qf6 22.Rb1 a5 
23.Qe1 Nh4 24.h3 axb4 25.Qxb4 dxc4 26.Nxc4 Nb5 27.Rbe1 Bd5 28.Nd2 Rxa2 29.
Ne4 Bxe4 30.Rxe4 Nxg2 31.Qc4+ Qf7 32.Kxg2 Na3 33.Qxf7+ Rxf7 0-1

[Event "41st World U20 ch"]
[Site "Panaji IND"]
[Date "2002.12.16"]
[Round "9.34"]
[White "Thakur, Akash"]
[Black "Pradeep, T. S."]
[Result "1-0"]
[WhiteElo "2257"]
[BlackElo "2111"]
[EventDate "2002.12.09"]
[PlyCount "35"]

1.e4 c5 2.Nf3 d6 3.d4 cxd4 4.Nxd4 Nf6 5.Nc3 a6 6.Be2 e5 7.Nb3 Be7 8.O-O 
O-O 9.f4 Qc7 10.f5 b5 11.a3 Bb7 12.Bf3 Nbd7 13.g4 Nc5 14.Qe2 d5 15.exd5 
Rad8 16.g5 e4 17.gxf6 exf3 18.Qxe7 1-0

[Event "41st World U20 ch"]
[Site "Panaji IND"]
[Date "2002.12.16"]
[Round "9.35"]
[White "Macak, Stefan"]
[Black "Pereira, Edgar"]
[Result "1/2-1/2"]
[WhiteElo "2246"]
[BlackElo "2049"]
[EventDate "2002.12.09"]
[PlyCount "140"]

1.e4 c5 2.Nf3 d6 3.d4 cxd4 4.Nxd4 Nf6 5.Nc3 a6 6.Bg5 e6 7.f4 Be7 8.Qf3 Qc7
9.O-O-O Nbd7 10.Bd3 h6 11.Bh4 g5 12.fxg5 Ne5 13.Qe2 Nfg4 14.Nf3 Nxf3 15.
gxf3 hxg5 16.Bg3 Ne5 17.f4 gxf4 18.Bxf4 Bd7 19.Qf2 O-O-O 20.h4 Rh7 21.h5 
Rg8 22.Rdg1 Qd8 23.Be2 Bc6 24.Rxg8 Qxg8 25.Rg1 Rg7 26.Rxg7 Qxg7 27.Kd1 Qh7
28.Qg2 f5 29.Qh3 Kd7 30.exf5 Qxf5 31.Qxf5 exf5 32.Kd2 Ke6 33.Nd1 Nd7 34.c3
Kf6 35.Ne3 Ne5 36.Nc4 b5 37.Na5 Be4 38.Ke3 Bf8 39.c4 bxc4 40.Nxc4 d5 41.
Nd2 d4+ 42.Kf2 Nc6 43.Bg3 d3 44.Bh4+ Ke5 45.Nf3+ Kd5 46.Bd1 Bc5+ 47.Ke1 
Nd4 48.Nxd4 Bxd4 49.b3 f4 50.h6 Ke5 51.Bf2 Bc3+ 52.Kf1 Kf6 53.Be1 d2 54.
Bh4+ Kg6 55.h7 Kxh7 56.Bg5 Bd3+ 57.Kf2 Kg6 58.Bxf4 Kf5 59.Ke3 Bb1 60.a4 
Ke6 61.Ke2 a5 62.Bxd2 Bxd2 63.Kxd2 Be4 64.Ke3 Bg6 65.Bf3 Bf7 66.Bd1 Bg6 
67.Kd4 Kd6 68.Bf3 Bf7 69.Bd1 Kc6 70.Bf3+ Kb6 1/2-1/2

[Event "41st World U20 ch"]
[Site "Panaji IND"]
[Date "2002.12.16"]
[Round "9.36"]
[White "Naveen, R."]
[Black "Nikhilesh, Kumar"]
[Result "1-0"]
[WhiteElo "2099"]
[BlackElo "2182"]
[EventDate "2002.12.09"]
[PlyCount "45"]

1.e4 c5 2.Nf3 Nc6 3.Bb5 g6 4.O-O Bg7 5.c3 Nf6 6.Re1 O-O 7.d4 d5 8.e5 Ne4 
9.Bxc6 bxc6 10.Nbd2 Bf5 11.Nxe4 dxe4 12.Ng5 cxd4 13.g4 Bc8 14.cxd4 Qd5 15.
Nxe4 Rd8 16.Nc3 Qc4 17.Re4 f5 18.exf6 Bxf6 19.d5 Qa6 20.Qb3 Kh8 21.Be3 Bb7
22.Ra4 Qd3 23.Rd1 1-0

[Event "41st World U20 ch"]
[Site "Panaji IND"]
[Date "2002.12.16"]
[Round "9.37"]
[White "Borchgrevink, Harald"]
[Black "Byomakesh, Nayak"]
[Result "1-0"]
[WhiteElo "2174"]
[BlackElo "2136"]
[EventDate "2002.12.09"]
[PlyCount "95"]

1.d4 Nf6 2.c4 e6 3.Nf3 Bb4+ 4.Bd2 Bxd2+ 5.Qxd2 O-O 6.Nc3 d5 7.e3 c6 8.Bd3 
Nbd7 9.O-O Qe7 10.Rad1 e5 11.Nxe5 Nxe5 12.dxe5 Qxe5 13.cxd5 cxd5 14.Be2 
Rd8 15.Qd4 Qxd4 16.Rxd4 Be6 17.Rfd1 Rdc8 18.Bf3 Kf8 19.Kf1 Rc5 20.Nxd5 
Nxd5 21.Bxd5 Bxd5 22.Rxd5 Rc2 23.Rd7 Rb8 24.R1d2 Rxd2 25.Rxd2 Rc8 26.Ke2 
Ke7 27.Kd1 Rc6 28.Rc2 Rg6 29.g3 Kd7 30.Ke2 Ra6 31.b3 Ra5 32.e4 f6 33.Ke3 
h5 34.a4 h4 35.g4 g5 36.f4 b6 37.Rd2+ Ke6 38.f5+ Ke7 39.Rc2 Kd7 40.h3 Re5 
41.b4 Re8 42.b5 Rf8 43.Rc6 Rf7 44.Kd4 Rf8 45.Kd5 Rf7 46.Rd6+ Ke7 47.Kc6 
Rf8 48.Rd7+ 1-0

[Event "41st World U20 ch"]
[Site "Panaji IND"]
[Date "2002.12.16"]
[Round "9.38"]
[White "Sprenger, Wendelin"]
[Black "Pranjal, Phukan"]
[Result "0-1"]
[WhiteElo "2174"]
[BlackElo "2059"]
[EventDate "2002.12.09"]
[PlyCount "38"]

1.e4 c6 2.d4 d5 3.e5 Bf5 4.Nc3 e6 5.g4 Bg6 6.Nge2 h5 7.Nf4 Qh4 8.Nxg6 fxg6
9.Bd3 Ne7 10.Ne2 hxg4 11.Nf4 Kd7 12.Rg1 c5 13.c4 Nbc6 14.cxd5 Nxd5 15.Nxg6
Qxh2 16.Qxg4 cxd4 17.Bf4 Bb4+ 18.Ke2 Qh5 19.Bc4 Qxg6 0-1

[Event "41st World U20 ch"]
[Site "Panaji IND"]
[Date "2002.12.16"]
[Round "9.39"]
[White "Sangma, Rahul"]
[Black "Sanchit, Agarwal"]
[Result "1/2-1/2"]
[WhiteElo "2214"]
[BlackElo "2004"]
[EventDate "2002.12.09"]
[PlyCount "105"]

1.e4 c5 2.Nf3 d6 3.d4 cxd4 4.Nxd4 Nf6 5.Nc3 a6 6.Be2 e5 7.Nb3 Be7 8.Be3 
Be6 9.Nd5 Nbd7 10.f3 Bxd5 11.exd5 Nb6 12.c4 Nbd7 13.O-O O-O 14.Qd2 b6 15.
Rfd1 Nc5 16.Qc2 Nh5 17.Qd2 h6 18.g4 Nf6 19.Nxc5 bxc5 20.Bd3 Nh7 21.Qc2 Nf6
22.Qd2 Nh7 23.Bxh6 Ng5 24.Bxg5 Bxg5 25.Qe1 g6 26.Kg2 Kg7 27.Qf2 Rh8 28.Rh1
Rb8 29.a3 Rb3 30.Qc2 Qb8 31.Ra2 Be3 32.Rb1 Bd4 33.a4 Qb4 34.Ra3 Rb8 35.
Rxb3 Qxb3 36.Qxb3 Rxb3 37.Be4 Rxb2+ 38.Rxb2 Bxb2 39.h4 Bc1 40.g5 f6 41.
gxf6+ Kxf6 42.Kg3 Kg7 43.Kg4 Kh6 44.Bd3 Bd2 45.h5 gxh5+ 46.Kf5 h4 47.Bf1 
Bf4 48.Bg2 Kg7 49.Bh3 Kf7 50.Bf1 Ke7 51.Ke4 Kd7 52.Bh3+ Kc7 53.Kd3 1/2-1/2

[Event "41st World U20 ch"]
[Site "Panaji IND"]
[Date "2002.12.16"]
[Round "9.40"]
[White "Kafka, Graeme"]
[Black "Gurpreet, Singh Maras"]
[Result "1-0"]
[WhiteElo "2108"]
[BlackElo "2145"]
[EventDate "2002.12.09"]
[PlyCount "91"]

1.e4 e5 2.Nf3 Nc6 3.Bb5 a6 4.Bxc6 dxc6 5.O-O Bd6 6.d4 exd4 7.Qxd4 Ne7 8.
Be3 c5 9.Qc3 b6 10.Nbd2 Bb7 11.Qxg7 Rg8 12.Qxh7 Qd7 13.e5 Qg4 14.g3 Bxf3 
15.Nxf3 Qxf3 16.exd6 cxd6 17.Rfe1 O-O-O 18.Qh3+ Nf5 19.Qg2 Nh4 20.Qh3+ Nf5
21.Qf1 Kb7 22.Qg2 Nh4 23.Qh1 Kc7 24.Red1 Qg4 25.Kf1 Nf3 26.Rd3 Rh8 27.h4 
Ne5 28.Rc3 Qb4 29.Rb1 Qb5+ 30.Kg1 Rdg8 31.Bf4 f6 32.Bxe5 fxe5 33.Qd5 Rg7 
34.Rd1 Qd7 35.Rcd3 Rd8 36.b4 Qc6 37.bxc5 bxc5 38.Kg2 Qxd5+ 39.Rxd5 Kc6 40.
Rxe5 dxe5 41.Rxd8 Re7 42.h5 Kb5 43.g4 Kc4 44.g5 Kc3 45.g6 Rg7 46.Rd6 1-0

[Event "41st World U20 ch"]
[Site "Panaji IND"]
[Date "2002.12.16"]
[Round "9.41"]
[White "Cruz, Wilson"]
[Black "Himanshu, Kumar"]
[Result "1-0"]
[WhiteElo "2021"]
[BlackElo "2072"]
[EventDate "2002.12.09"]
[PlyCount "63"]

1.e4 c5 2.Nf3 Nc6 3.d4 cxd4 4.Nxd4 e6 5.Nc3 a6 6.Be2 Qc7 7.O-O Nf6 8.Be3 
Bb4 9.Nxc6 bxc6 10.f3 O-O 11.a3 Bd6 12.f4 e5 13.f5 Rb8 14.g4 Rxb2 15.g5 
Qa5 16.Qxd6 Qxc3 17.Bc5 Re8 18.gxf6 Rxc2 19.Bf2 Rxe2 20.Qe7 Rf8 21.Rae1 
Qf3 22.Rxe2 Qg4+ 23.Bg3 Qxe2 24.fxg7 Kxg7 25.Bxe5+ Kh6 26.Qxf8+ Kg5 27.
Qg7+ Kh5 28.Qxh7+ Kg5 29.Qg8+ Kh5 30.Qxf7+ Kg5 31.Qg6+ Kh4 32.Rf4+ 1-0

[Event "41st World U20 ch"]
[Site "Panaji IND"]
[Date "2002.12.17"]
[Round "10.2"]
[White "McShane, Luke"]
[Black "Yakovenko, Dmitry"]
[Result "1-0"]
[WhiteElo "2546"]
[BlackElo "2570"]
[EventDate "2002.12.09"]
[PlyCount "69"]

1.e4 c5 2.Nf3 Nc6 3.Bb5 g6 4.O-O Bg7 5.c3 Nf6 6.Re1 O-O 7.d4 cxd4 8.cxd4 
d5 9.e5 Ne4 10.Nc3 Bf5 11.Nh4 Be6 12.Bxc6 bxc6 13.Na4 g5 14.Nf3 f6 15.exf6
exf6 16.Nd2 f5 17.Nb3 Bf7 18.Bd2 Nxd2 19.Qxd2 f4 20.f3 Qd6 21.Nac5 Rfe8 
22.Nd3 Bg6 23.Qb4 Qxb4 24.Nxb4 c5 25.dxc5 Bxb2 26.Rxe8+ Rxe8 27.Rd1 d4 28.
c6 a5 29.Nxa5 Bc3 30.a3 Rc8 31.Nc4 d3 32.Nd6 Bxb4 33.Nxc8 Bc5+ 34.Kh1 Bf5 
35.c7 1-0

[Event "41st World U20 ch"]
[Site "Panaji IND"]
[Date "2002.12.17"]
[Round "10.3"]
[White "Wojtaszek, Radoslaw"]
[Black "Timofeev, Artiom"]
[Result "1/2-1/2"]
[WhiteElo "2452"]
[BlackElo "2558"]
[EventDate "2002.12.09"]
[PlyCount "85"]

1.d4 Nf6 2.c4 g6 3.Nf3 Bg7 4.g3 d5 5.cxd5 Nxd5 6.Bg2 Nb6 7.Nc3 Nc6 8.e3 
O-O 9.O-O Re8 10.d5 Na5 11.Nd4 Bd7 12.e4 c5 13.Nb3 Nxb3 14.axb3 Bd4 15.b4 
e5 16.dxe6 Bxe6 17.bxc5 Bxc5 18.Nd5 Nxd5 19.exd5 Bf5 20.Qb3 Rc8 21.Bf4 Qf6
22.Qxb7 Re2 23.Rac1 Rxf2 24.Rxf2 Bxf2+ 25.Kh1 Rxc1+ 26.Bxc1 h5 27.Qb8+ Kh7
28.Qf4 Bb6 29.Be3 Qxb2 30.Bxb6 axb6 31.h4 Qb1+ 32.Kh2 Qd3 33.Qc7 Kg7 34.
Qxb6 Be4 35.Qb2+ Kg8 36.Bxe4 Qxe4 37.d6 Qd3 38.Qe5 Qd2+ 39.Kg1 Qd1+ 40.Kf2
Qd2+ 41.Kf3 Qd3+ 42.Kf4 Qd2+ 43.Kf3 1/2-1/2

[Event "41st World U20 ch"]
[Site "Panaji IND"]
[Date "2002.12.17"]
[Round "10.4"]
[White "Harikrishna, Pentala"]
[Black "Ganguly, Surya Shekhar"]
[Result "1/2-1/2"]
[WhiteElo "2551"]
[BlackElo "2531"]
[EventDate "2002.12.09"]
[PlyCount "45"]

1.e4 e5 2.Nf3 Nc6 3.Bb5 a6 4.Ba4 Nf6 5.O-O b5 6.Bb3 Bc5 7.a4 Rb8 8.c3 d6 
9.d4 Bb6 10.axb5 axb5 11.Na3 O-O 12.Nxb5 Bg4 13.Bc2 exd4 14.cxd4 d5 15.Bg5
Bxf3 16.Qxf3 dxe4 17.Bxe4 Nxd4 18.Nxd4 Qxd4 19.Bc2 h6 20.Bxf6 Qxf6 21.Qxf6
gxf6 22.Rfd1 Rfd8 23.Rxd8+ 1/2-1/2

[Event "41st World U20 ch"]
[Site "Panaji IND"]
[Date "2002.12.17"]
[Round "10.5"]
[White "Neelotpal, Das"]
[Black "Miton, Kamil"]
[Result "1/2-1/2"]
[WhiteElo "2374"]
[BlackElo "2564"]
[EventDate "2002.12.09"]
[PlyCount "69"]

1.e4 c5 2.Nf3 Nc6 3.Bb5 e6 4.O-O Nge7 5.c3 a6 6.Ba4 b5 7.Bc2 Bb7 8.Qe2 Ng6
9.d4 cxd4 10.cxd4 Be7 11.Rd1 O-O 12.Nc3 Rc8 13.d5 Nce5 14.Nxe5 Nxe5 15.Bf4
Ng6 16.Bg3 Qb6 17.Bb3 e5 18.a4 bxa4 19.Bxa4 Rc7 20.Kh1 Bc5 21.Rdc1 Bd4 22.
Rc2 Rfc8 23.h4 Nf8 24.Qh5 d6 25.Qe2 h6 26.Kh2 Rc5 27.Ra3 Qd8 28.Bc6 Bxc6 
29.dxc6 R8xc6 30.Rxa6 Qc8 31.Rxc6 Rxc6 32.Qd3 Ng6 33.h5 Ne7 34.Qf3 Qe6 35.
Bh4 1/2-1/2

[Event "41st World U20 ch"]
[Site "Panaji IND"]
[Date "2002.12.17"]
[Round "10.6"]
[White "Poobesh Anand, Selvaraj"]
[Black "Inarkiev, Ernesto"]
[Result "1-0"]
[WhiteElo "2351"]
[BlackElo "2556"]
[EventDate "2002.12.09"]
[PlyCount "75"]

1.d4 Nf6 2.c4 g6 3.Nc3 Bg7 4.e4 d6 5.f4 O-O 6.Nf3 c5 7.d5 b5 8.cxb5 a6 9.
a4 Bb7 10.bxa6 Nxa6 11.Bc4 Nc7 12.O-O e6 13.dxe6 fxe6 14.e5 Bxf3 15.Qxf3 
dxe5 16.Be3 Qd6 17.Nb5 Nxb5 18.axb5 e4 19.Rad1 Qb6 20.Qh3 Nd5 21.Qxe6+ 
Qxe6 22.Bxd5 Qxd5 23.Rxd5 c4 24.Rc1 Ra4 25.Rc2 Rb4 26.b6 Rc8 27.Rd7 Rb3 
28.Kf2 g5 29.g3 gxf4 30.gxf4 Bh6 31.Re7 Rb4 32.Rc7 Rf8 33.R7xc4 Rxc4 34.
Rxc4 Bxf4 35.Bxf4 Rxf4+ 36.Ke2 Rf7 37.Rc8+ Kg7 38.Rc7 1-0

[Event "41st World U20 ch"]
[Site "Panaji IND"]
[Date "2002.12.17"]
[Round "10.7"]
[White "Ghaem Maghami, Ehsan"]
[Black "Potkin, Vladimir"]
[Result "1-0"]
[WhiteElo "2511"]
[BlackElo "2495"]
[EventDate "2002.12.09"]
[PlyCount "143"]

1.c4 e6 2.Nf3 d5 3.d4 Nf6 4.g3 dxc4 5.Qa4+ c6 6.Qxc4 b5 7.Qc2 Bb7 8.Bg2 
Nbd7 9.Nc3 a6 10.Ne5 Nxe5 11.dxe5 Nd7 12.Bf4 Qc8 13.O-O c5 14.Bxb7 Qxb7 
15.a4 b4 16.Ne4 Be7 17.Rfd1 O-O 18.Rd2 Rfc8 19.Rad1 Nf8 20.Qc4 b3 21.h4 
Rab8 22.Nd6 Bxd6 23.Rxd6 Qb4 24.Qxb4 cxb4 25.Rxa6 Rc2 26.a5 Rxb2 27.Rb6 
Ra8 28.Rxb4 Ng6 29.Ra1 Ne7 30.Bc1 Nc6 31.Bxb2 Nxb4 32.Ra3 Nc6 33.a6 Kf8 
34.h5 Ke8 35.Kg2 Nb4 36.Rxb3 Nxa6 37.Ba3 Nb8 38.Bd6 Nd7 39.Rb7 Ra6 40.Rc7 
f6 41.Rc8+ Kf7 42.Rd8 Ra7 43.f4 fxe5 44.fxe5 h6 45.g4 g6 46.Rh8 gxh5 47.
gxh5 Kg7 48.Re8 Nb6 49.Bc5 Rb7 50.Rxe6 Nd5 51.Kf3 Rf7+ 52.Ke4 Nf4 53.Rc6 
Nxh5 54.e6 Ng3+ 55.Kd3 Rb7 56.Bd4+ Kg6 57.e4 Nh5 58.Be5 Re7 59.Kd4 Nf6 60.
Ra6 h5 61.Bxf6 Kxf6 62.Kd5 Re8 63.e5+ Ke7 64.Ra7+ Kf8 65.Rf7+ Kg8 66.Rf5 
Ra8 67.Rxh5 Ra5+ 68.Kd6 Ra6+ 69.Ke7 Kg7 70.Rg5+ Kh6 71.Kf6 Kh7 72.Kf7 1-0

[Event "41st World U20 ch"]
[Site "Panaji IND"]
[Date "2002.12.17"]
[Round "10.10"]
[White "Smerdon, David"]
[Black "Mastrovasilis, Dimitrios"]
[Result "1-0"]
[WhiteElo "2382"]
[BlackElo "2461"]
[EventDate "2002.12.09"]
[PlyCount "69"]

1.Nc3 Nf6 2.e4 e5 3.Nf3 Nc6 4.d4 exd4 5.Nxd4 Bc5 6.Be3 Bb6 7.Nxc6 bxc6 8.
e5 Bxe3 9.fxe3 Nd5 10.Nxd5 cxd5 11.Qxd5 Qh4+ 12.Kd1 Rb8 13.Qd4 Rb4 14.Qc5 
Rxb2 15.Bc4 Qh5+ 16.Kd2 Rb6 17.Raf1 f6 18.e4 Rc6 19.Qd5 Qg5+ 20.Kd3 Bb7 
21.Rb1 Rb6 22.Qf7+ Kd8 23.Rxb6 axb6 24.e6 Kc8 25.Qxd7+ Kb8 26.e7 Qe5 27.
Bd5 f5 28.Qd8+ Ka7 29.Qxh8 fxe4+ 30.Ke2 Qh5+ 31.Ke1 Qxd5 32.e8=Q Qa5+ 33.
Kd1 Qd5+ 34.Kc1 Qg5+ 35.Kb1 1-0

[Event "41st World U20 ch"]
[Site "Panaji IND"]
[Date "2002.12.17"]
[Round "10.11"]
[White "Paragua, Mark"]
[Black "Kristjansson, Stefan"]
[Result "1-0"]
[WhiteElo "2476"]
[BlackElo "2431"]
[EventDate "2002.12.09"]
[PlyCount "69"]

1.e4 e6 2.d4 d5 3.Nd2 Be7 4.Bd3 c5 5.dxc5 Nf6 6.Qe2 a5 7.Ngf3 Na6 8.Bb5+ 
Bd7 9.exd5 exd5 10.Ne5 O-O 11.Nxd7 Nxd7 12.c6 bxc6 13.Bxa6 Re8 14.Kd1 Bf6 
15.Qf1 a4 16.a3 Rb8 17.Rb1 Qa5 18.Bd3 Ne5 19.Nf3 Nc4 20.c3 Re7 21.g4 Reb7 
22.Bxc4 dxc4 23.Qxc4 Bxc3 24.Ke2 Bf6 25.Rd1 h5 26.h3 hxg4 27.hxg4 Rb3 28.
Be3 Bxb2 29.Rd3 Rxd3 30.Qxd3 Rb3 31.Qc4 Rc3 32.Qe4 Qb5+ 33.Ke1 c5 34.Qa8+ 
Kh7 35.Ng5+ 1-0

[Event "41st World U20 ch"]
[Site "Panaji IND"]
[Date "2002.12.17"]
[Round "10.12"]
[White "Roy Chowdhury, Saptarshi"]
[Black "Azarov, Sergei"]
[Result "0-1"]
[WhiteElo "2376"]
[BlackElo "2520"]
[EventDate "2002.12.09"]
[PlyCount "128"]

1.e4 e5 2.Nf3 Nc6 3.Bc4 Bc5 4.c3 Nf6 5.d3 a6 6.Bb3 Ba7 7.O-O O-O 8.h3 d6 
9.Re1 h6 10.Nbd2 Nh5 11.Nf1 Qf6 12.Be3 Nf4 13.d4 Ne7 14.Ng3 Neg6 15.Bc2 c6
16.Nf5 Bb8 17.Qd2 Be6 18.Kh2 Rd8 19.g3 d5 20.Bxf4 dxe4 21.Bxe4 exf4 22.g4 
Bc7 23.Kg2 Re8 24.Qc2 Ne7 25.Nxe7+ Rxe7 26.Re2 Rae8 27.Rae1 g6 28.c4 Ba5 
29.b4 Bxb4 30.Rb1 Bd6 31.Bd3 Kg7 32.c5 Bb8 33.Rbe1 Bc7 34.Qc3 g5 35.Bb1 
Bd5 36.Rxe7 Rxe7 37.Rxe7 Qxe7 38.Qd3 Qe6 39.Qh7+ Kf8 40.Bd3 Ke7 41.Qh8 b5 
42.Qa8 a5 43.Qb7 Qd7 44.a3 Qd8 45.Bb1 Qb8 46.Qa6 Kf8 47.Bc2 Bd8 48.Bd1 b4 
49.axb4 axb4 50.Ba4 Qc7 51.Bc2 b3 52.Bb1 Bf6 53.Qd3 Qa5 54.Kh2 Qa1 55.Nd2 
Qxd4 56.Kg1 Qxd3 57.Bxd3 b2 58.Bb1 Bd4 59.Ne4 f3 60.Kf1 Ke7 61.Nd6 Bxc5 
62.Nf5+ Kf6 63.Ke1 Ke5 64.Ng3 Bb4+ 0-1

[Event "41st World U20 ch"]
[Site "Panaji IND"]
[Date "2002.12.17"]
[Round "10.13"]
[White "Prathamesh, Sunil Mokal"]
[Black "Jeremic, Veljko"]
[Result "1/2-1/2"]
[WhiteElo "2335"]
[BlackElo "2487"]
[EventDate "2002.12.09"]
[PlyCount "43"]

1.e4 e6 2.d4 d5 3.e5 c5 4.c3 Qb6 5.Nf3 Nc6 6.a3 Nh6 7.b4 cxd4 8.cxd4 Nf5 
9.Be3 Bd7 10.Bd3 Nxe3 11.fxe3 Be7 12.O-O Rc8 13.Nbd2 Nb8 14.Qe2 a6 15.Nb3 
Bb5 16.Bxb5+ Qxb5 17.Qxb5+ axb5 18.Rfc1 Kd8 19.Nfd2 Nd7 20.Nc5 Bxc5 21.
bxc5 b6 22.cxb6 1/2-1/2

[Event "41st World U20 ch"]
[Site "Panaji IND"]
[Date "2002.12.17"]
[Round "10.14"]
[White "Lim Yee Weng"]
[Black "Satyapragyan, Swayangsu"]
[Result "0-1"]
[WhiteElo "2202"]
[BlackElo "2436"]
[EventDate "2002.12.09"]
[PlyCount "73"]

1.e4 c5 2.Nf3 Nc6 3.c3 Nf6 4.e5 Nd5 5.d4 cxd4 6.cxd4 d6 7.Bc4 Nb6 8.Bb3 d5
9.Nh4 g6 10.O-O Bg7 11.Nc3 Be6 12.Bc2 Qd7 13.a3 O-O 14.Na4 Nxa4 15.Bxa4 f6
16.f4 fxe5 17.dxe5 d4 18.Nf3 Rad8 19.Ng5 Kh8 20.Nxe6 Qxe6 21.Qd3 Qf5 22.
Bc2 Qxd3 23.Bxd3 Bh6 24.Bd2 Nxe5 25.fxe5 Bxd2 26.g3 Rxf1+ 27.Rxf1 Rc8 28.
Rf7 Bg5 29.h4 Kg8 30.e6 Bf6 31.h5 Rc6 32.hxg6 hxg6 33.Kf2 Rxe6 34.Bxg6 d3 
35.Rh7 Bd4+ 36.Kf3 Rxg6 37.Rxe7 0-1

[Event "41st World U20 ch"]
[Site "Panaji IND"]
[Date "2002.12.17"]
[Round "10.15"]
[White "Rohit, Gogineni"]
[Black "Bromberger, Stefan"]
[Result "1-0"]
[WhiteElo "2319"]
[BlackElo "2414"]
[EventDate "2002.12.09"]
[PlyCount "87"]

1.e4 c5 2.Nf3 d6 3.d4 cxd4 4.Nxd4 Nf6 5.Nc3 a6 6.Be3 e6 7.Be2 Be7 8.O-O 
O-O 9.a4 Nc6 10.f4 Qc7 11.Kh1 Re8 12.Bd3 Bf8 13.Nf3 g6 14.Qe1 Bg7 15.Qh4 
Nb4 16.Bd4 e5 17.Be3 Ng4 18.Bd2 d5 19.h3 dxe4 20.Nxe4 Nxd3 21.cxd3 f5 22.
Rac1 Qd8 23.Neg5 h6 24.hxg4 fxg4 25.fxe5 Qxd3 26.Rfd1 gxf3 27.Nxf3 g5 28.
Qh5 Be6 29.Rc7 Qb3 30.Nd4 Bf7 31.Qg4 h5 32.Qe2 Qxa4 33.e6 Bxe6 34.Rxg7+ 
Kxg7 35.Qe5+ Kh7 36.Qe4+ Kh8 37.Qe5+ Kh7 38.Qe4+ Kh8 39.Bc3 Qxd1+ 40.Kh2 
Bf7 41.Ne6+ Kg8 42.Qe5 Qd6 43.Qxd6 Rxe6 44.Qd4 1-0

[Event "41st World U20 ch"]
[Site "Panaji IND"]
[Date "2002.12.17"]
[Round "10.16"]
[White "Glinert, Stephen"]
[Black "Bar, Roman"]
[Result "1/2-1/2"]
[WhiteElo "2351"]
[BlackElo "2413"]
[EventDate "2002.12.09"]
[PlyCount "60"]

1.e4 c5 2.Nc3 Nc6 3.g3 g6 4.Bg2 Bg7 5.d3 d6 6.f4 e6 7.Nf3 Nge7 8.O-O O-O 
9.Be3 Nd4 10.e5 Bd7 11.Ne4 Nef5 12.Bf2 Nxf3+ 13.Bxf3 Bc6 14.c3 h5 15.d4 
cxd4 16.cxd4 Qa5 17.Qe1 Qb5 18.Qc3 a5 19.Rfd1 Rac8 20.a4 Qa6 21.Qa3 Rfd8 
22.exd6 Bxe4 23.Bxe4 Qxd6 24.Qxd6 Nxd6 25.Bg2 Rc2 26.d5 Rxb2 27.dxe6 fxe6 
28.Ra3 Nf7 29.Rxd8+ Nxd8 30.Be4 h4 1/2-1/2

[Event "41st World U20 ch"]
[Site "Panaji IND"]
[Date "2002.12.17"]
[Round "10.17"]
[White "Kidambi, Sundararajan"]
[Black "Deepan Chakravarthy, Jeyakumar"]
[Result "1/2-1/2"]
[WhiteElo "2408"]
[BlackElo "2355"]
[EventDate "2002.12.09"]
[PlyCount "64"]

1.Nf3 Nf6 2.c4 e6 3.g3 c5 4.Bg2 Nc6 5.O-O Be7 6.d4 cxd4 7.Nxd4 a6 8.Nc3 
O-O 9.b3 Qc7 10.Bb2 d6 11.Rc1 Nxd4 12.Qxd4 Bd7 13.Rfd1 Rfd8 14.e4 Rac8 15.
Qe3 Qb8 16.Ba3 Bf8 17.Bb4 Bc6 18.Rc2 Nd7 19.Rcd2 Nc5 20.e5 Bxg2 21.Kxg2 b6
22.Bxc5 dxc5 23.Qe4 Rxd2 24.Rxd2 Rd8 25.Rxd8 Qxd8 26.Qc6 Qd4 27.Na4 b5 28.
cxb5 axb5 29.Qxb5 Qe4+ 30.Kg1 Qb1+ 31.Kg2 Qe4+ 32.Kg1 Qb1+ 1/2-1/2

[Event "41st World U20 ch"]
[Site "Panaji IND"]
[Date "2002.12.17"]
[Round "10.18"]
[White "Sadykov, Rustem"]
[Black "Li Qun"]
[Result "1-0"]
[WhiteElo "2400"]
[BlackElo "2320"]
[EventDate "2002.12.09"]
[PlyCount "103"]

1.e4 c5 2.Nf3 Nc6 3.Nc3 e5 4.Bc4 d6 5.d3 Be7 6.h3 Nf6 7.O-O O-O 8.a3 Be6 
9.Nd5 Bxd5 10.exd5 Nd4 11.Nh2 a6 12.Ba2 Nb5 13.f4 Nd7 14.Ng4 exf4 15.Bxf4 
f5 16.Nh2 Bg5 17.Qd2 Bxf4 18.Qxf4 Qf6 19.c3 Rae8 20.Rae1 Ne5 21.Bb1 Re7 
22.Nf3 Nxf3+ 23.Qxf3 g6 24.Re6 Rxe6 25.dxe6 Qxe6 26.Qxb7 Qe3+ 27.Kh1 Qe2 
28.Rg1 f4 29.Ba2+ Kh8 30.Bd5 Qxd3 31.Bf3 Qc4 32.a4 Nxc3 33.bxc3 Qxa4 34.
Qe7 Qe8 35.Qxd6 Rf5 36.Qxa6 Qe3 37.c4 Kg7 38.Qb7+ Kh6 39.Qe4 Qxe4 40.Bxe4 
Re5 41.Bd5 Kg5 42.Rf1 Re2 43.Kg1 Rc2 44.Rf2 Rc1+ 45.Kh2 Rc3 46.Re2 Kh4 47.
Re6 Rg3 48.Rf6 Kg5 49.Rc6 Kh4 50.Rxc5 g5 51.Bf3 h5 52.Rf5 1-0

[Event "41st World U20 ch"]
[Site "Panaji IND"]
[Date "2002.12.17"]
[Round "10.19"]
[White "Jirka, Jiri"]
[Black "Asauskas, Henrikas"]
[Result "0-1"]
[WhiteElo "2378"]
[BlackElo "2331"]
[EventDate "2002.12.09"]
[PlyCount "120"]

1.d4 d5 2.Nf3 e6 3.g3 c5 4.Bg2 Nc6 5.O-O Nf6 6.c4 Be7 7.cxd5 exd5 8.Nc3 
O-O 9.Bg5 cxd4 10.Nxd4 h6 11.Be3 Re8 12.Nxc6 bxc6 13.Na4 Ba6 14.Re1 Bb4 
15.Bd2 Bd6 16.Rc1 Ne4 17.Be3 Bb4 18.Rf1 Bb5 19.a3 Qa5 20.axb4 Qxa4 21.Qxa4
Bxa4 22.Ra1 Bb5 23.Rfe1 a6 24.Rad1 Re7 25.Bd4 Rb8 26.f3 Nf6 27.e3 Nd7 28.
Bc3 Ne5 29.Rd2 Rbe8 30.Bd4 Nc4 31.Rde2 Ne5 32.Rd2 Nd3 33.Red1 Rxe3 34.Bxe3
Rxe3 35.Bf1 Nxb4 36.Kf2 Rb3 37.Bxb5 axb5 38.Ke2 c5 39.Rc1 Na6 40.Rc3 Rb4 
41.b3 d4 42.Rcd3 Nc7 43.Rc2 Ne6 44.Kf2 c4 45.bxc4 bxc4 46.Ra3 c3 47.h4 g6 
48.Ra8+ Kg7 49.Rc8 Rb5 50.Ke2 Nc5 51.Rd8 Rb4 52.Rd5 Na4 53.Rc1 Nb2 54.f4 
Ra4 55.Rc2 h5 56.f5 gxf5 57.Kf3 Rc4 58.Ke2 Kf6 59.Rc1 d3+ 60.Kf1 d2 0-1